Hiến pháp Nước Cộng hòa Xã hội Chủ nghĩa Việt Nam
שמור ב:
| פורמט: | ספר |
|---|---|
| יצא לאור: |
NXB Chính trị - Hành chính
2014
|
| תגים: |
הוספת תג
אין תגיות, היה/י הראשונ/ה לתייג את הרשומה!
|
| Thư viện lưu trữ: | Mạng thư viện Đại học Đà Nẵng |
|---|
| LEADER | 00466nam a22001691a 4500 | ||
|---|---|---|---|
| 001 | 000035882 | ||
| 003 | 12174 | ||
| 005 | 20160321110945.0 | ||
| 008 | 160321s2014 000 | ||
| 245 | |a Hiến pháp Nước Cộng hòa Xã hội Chủ nghĩa Việt Nam | ||
| 260 | |a NXB Chính trị - Hành chính |c 2014 | ||
| OWN | |a LNN | ||
| 999 | |a From the UDN01 | ||
| TYP | |a Monograph | ||
| 980 | |a Mạng thư viện Đại học Đà Nẵng | ||